| 000 | 00381 a2200169 4500 | ||
|---|---|---|---|
| 001 | 175202 | ||
| 020 | _a85-16-03699-5 | ||
| 040 | _cMagnum | ||
| 100 | _aSoares, Paulo Antônio de Toledo | ||
| 240 | 1 | 0 |
_aOs fundamentos da física 1 _lpor |
| 245 | 1 | 0 | _aOs fundamentos da física 1 |
| 300 | _a445 | ||
| 362 | 0 | _a2003 | |
| 440 | 1 | _aModerna | |
| 697 | _aMECÂNICA | ||
| 942 | _cBK | ||
| 999 |
_c175202 _d175202 |
||